AMERICAN GOVEMENT

Enregistré dans:
Détails bibliographiques
Auteur principal: Lowi, Theodore
Format: Livre
Langue:English
Publié: New York 2008
Sujets:
Tags: Ajouter un tag
Pas de tags, Soyez le premier à ajouter un tag!
Thư viện lưu trữ: Mạng thư viện Đại học Đà Nẵng
LEADER 01131cam a22003371a 4500
001 000034391
003 10583
005 20151223000000.0
008 151027s2008 vm 000 eng
020 |a 9780393931211 
041 |a eng 
082 |a 420.8  |b LO-T 
100 |a Lowi, Theodore 
245 |a AMERICAN GOVEMENT  |c Theodore J. Lowi, Benjamin Ginsberg,… 
260 |a New York  |c 2008 
300 |a 444p. : ill ; 20cm 
650 |a AMERICAN GOVEMENT, AMERICAN, Theodore J. Lowi, Benjamin Ginsberg,… 
852 |b Chuyên đề  |c Tiếng Anh tham khảo 2 
OWN |a LNN 
AVA |a UDN50  |b LNN  |d 420.8 LO-T  |e available  |t Error 5001 Not defined in file expand_doc_bib_avail.  |f 1  |g 0  |h N  |i 0  |k 1 
999 |a From the UDN01 
AVA |a UDN50  |b LNN  |d 420.8 LO-T  |e available  |t Error 5001 Not defined in file expand_doc_bib_avail.  |f 1  |g 0  |h N  |i 0  |k 1 
TYP |a Monograph 
TYP |a Printed language 
980 |a Mạng thư viện Đại học Đà Nẵng